Diabetics and Diet/ (Record no. 164460)

MARC details
000 -LEADER
fixed length control field 00686nam a22002057a 4500
005 - DATE AND TIME OF LATEST TRANSACTION
control field 20190521101805.0
010 ## - LCCN (DPL NO)
LC control number B-161720
020 ## - INTERNATIONAL STANDARD BOOK NUMBER
International Standard Book Number 8190191268
Terms of availability 00.00
035 ## - SYSTEM CONTROL NUMBER
System control number B-161720
037 ## - SOURCE OF ACQUISITION
Source of stock number/acquisition DBAD/PUB
082 ## - DEWEY DECIMAL CLASSIFICATION NUMBER
Classification number 616.462
100 ## - MAIN ENTRY--PERSONAL NAME
Personal name Vijaya Kumar
245 ## - TITLE STATEMENT
Title Diabetics and Diet/
Statement of responsibility, etc Vijaya Kumar
260 ## - PUBLICATION, DISTRIBUTION, ETC. (IMPRINT)
Place of publication, distribution, etc New Delhi
Name of publisher, distributor, etc Lotus Press
Date of publication, distribution, etc 2004
270 ## - ADDRESS
Address 4263/3, Ansari road, Darya ganj,
City New Delhi
Postal code 110002
Telephone number 30903912
Electronic mail address lotuspress@sify.com
300 ## - PHYSICAL DESCRIPTION
Extent v,144p.
Dimensions 22cm.(Hbk)
500 ## - GENERAL NOTE
General note its inclued Glossary.
942 ## - ADDED ENTRY ELEMENTS (KOHA)
Source of classification or shelving scheme Dewey Decimal Classification
Item type English Books
Classification part 616.462
Call number suffix VIJ

No items available.


© Delhi Public Library
Hit Counter
free hit counter